00286nam a2200121Ia 4500003000400000005001700004008004100021020001900062040001700081100002100098245003700119260000800156OSt20240312095258.0170523s9999 xx 000 0 und d a978-8120331181 ciimtu meerut aMUKHOPADHYAY- SK 0aPRODUCTION PLANNING AND CONTROL bPHI